Countries that have hosted a Formula One Grand Prix - Statistics

General Stats
  • This quiz has been taken 3,990 times
    2,592 since last reset
  • The average score is 29 of 34
Answer Stats
First race No. of races Answer % Correct
1950 108 Italy
98%
1950 79 United Kingdom
98%
1950 80 United States
98%
1950 63 France
95%
1951 79 Germany
95%
1973 51 Brazil
94%
1976 41 Japan
94%
1951 61 Spain
94%
1950 71 Monaco
93%
1985 39 Australia
92%
2004 18 China
92%
1963 24 Mexico
92%
1967 53 Canada
91%
1950 69 Belgium
90%
2014 8 Russia
90%
1952 34 Netherlands
89%
1964 39 Austria
88%
2021 5 Saudi Arabia
87%
1953 20 Argentina
85%
1958 18 Portugal
85%
2021 3 Qatar
84%
1962 23 South Africa
82%
1986 39 Hungary
81%
2004 22 Bahrain
80%
2011 3 India
79%
2008 15 Singapore
78%
2009 16 United Arab Emirates
77%
2005 9 Turkey
74%
2016 8 Azerbaijan
73%
1999 19 Malaysia
73%
2010 4 South Korea
73%
1973 6 Sweden
73%
1950 5 Switzerland
70%
1958 1 Morocco
64%
No matching quizzes found
Score Distribution
Percent of People with Each Score
Percentile by Number Answered
Your Score History
You have not taken this quiz since the last reset